| 000 | 00439nam a22001697a 4500 | ||
|---|---|---|---|
| 005 | 20230821114950.0 | ||
| 008 | 230818b |||||||| |||| 00| 0 eng d | ||
| 020 | _a978-93-87963-40-5 | ||
| 041 | _aeng | ||
| 082 | _a611 -MEH-C | ||
| 100 |
_aMEHTA, VANDANA AND SURI, R.K _98136 |
||
| 245 | _aSNELL'S CLINICAL ANATOMY BY REGIONS | ||
| 260 |
_aPHILADELPHIA _bWORTER'S KLUWER _c2018 |
||
| 300 | _a881,p | ||
| 650 |
_aBPT _98137 |
||
| 942 | _cBK | ||
| 999 |
_c8400 _d8398 |
||